000 01002nam a2200301Ia 4500
003 OSt
005 20220912145053.0
006 a|||||r|||| 00| 0
007 ta
008 220909b |||||||| |||| 00| 0 eng d
020 _a9780521774321 (pbk)
024 _a86596
037 _b0001509, 30/11/2009, Narosa Book Distributors Pvt. Ltd.
037 _cTextbook
040 _aCSL
_beng
_cCSL
041 _aeng
082 _aY7:(R), P0;1 TY
100 _aAlan Barnard
245 0 _aHistory and theory in anthropology
260 _aCambridge
_bCambridge University Press
_c2000
300 _axii, 243p.
_ccm.
500 _aIncludes bibliographical references.; Appendix 185- 214p.; References 215- 235p.; Index 236- 243p.
650 _a Anthropology-history
650 _a Anthropology-philosophy
650 _aAnthropology
942 _hY7:(R), P0;1 TY
_cTB
_2CC
999 _c22388
_d22388